000 00661nam a22002177a 4500
942 _cBK
999 _c841
_d841
005 20250420134826.0
008 230820b ||||| |||| 00| 0 eng d
020 _a9781526847584
040 _cKCST
082 _a428.24
_bKi In
100 _aKirn, Elaine
_95780
245 _aNew interactions 2:
_breading and writing /
_cElaine Kirn
260 _bMcGraw-Hill;
_c2020
300 _a206 p.
650 _aEnglish language
_vTextbooks for foreign speakers
_94734
650 _aEnglish language
_vProblems, exercises, etc.
_94926
650 _a English language
_vReading, writing etc.
_95781
700 _aHartmann, Pamela
_95782
942 _2ddc